000 00425nam a2200169Ia 4500
008 210210b1984 xxu||||| |||| 00| 0 eng d
020 _a0 14
082 _a001.6403 CHAP
100 _aCHANDOR (Anthony).
245 _aPenguin dictionary of computers. Ed.2
250 _a
260 _aEngland
_bPenguin Books
_c1984
300 _a440
650 _aDictionary computers
690 _aComputer Science
906 _aSG01988
999 _c113545
_d113545